Spieler des FC Schalke 04 - Sudden Death - Statistiken

Allgemein
  • Dieses Quiz wurde 1.421 mal gespielt
  • Das Durchschnittsergebnis liegt bei 9 aus 16
Answers on the Grid
Answers color-coded by a green-red scale on the quiz's grid according to % correct below.
Huntelaar
Höwedes
Soppy
Annan
Baumjohann
Simon Terodde
Neuer
Leroy Sané
Kobiashvili
Olaf Thon
Gündogan
Führich
Neumann
Pukki
Ibisevic
Lewandowski
Jerome Boateng
Mehmet Scholl
Frings
Hummels
Rutter
Lukebakio
Mario Basler
Alex Frei
Leibold
Beister
Gosens
Engelaar
Weidenfeller
Kroos
 
Antwortstatistiken
Antwort % Korrekt
Leroy Sané
78%
Simon Terodde
78%
Huntelaar
77%
Neuer
77%
Höwedes
76%
Olaf Thon
65%
Pukki
65%
Baumjohann
57%
Ibisevic
50%
Kobiashvili
50%
Soppy
46%
Engelaar
40%
Neumann
32%
Annan
31%
Gündogan
30%
Führich
16%
Keine übereinstimmenden Quizze gefunden
Verteilung der Resultate
Anzahl Personen mit jedem Resultat
Perzentil nach korrekt beantworteten Fragen
Ihre Resultats-Entwicklung
Sie haben dieses Quiz noch nicht gespielt